00773nam a2200217Ia 4500001000900000003000500009005001700014008004100031010001100072040000900083082002300092111007200115245009700187260007800284300001100362500004000373503000700413650004400420650004000464711005100504dia_1985CHAP20251027153219.0220117s1981 xx 000 0 und d a172517 cCHAP aC 634.972 C66 1981 aCongreso Nacional de Fruticultura (3 : 1981 : Guadalajara, Jalisco) aResúmenes : III Congreso Nacional de Fruticultura, Guadalajara, Jalisco, 16-20 agosto 1981 aMéxico :b Secretaría de Agricultura y Recursos Hidráulicos,c1981 a244 p. aA la cabeza de la portada: CONAFRUT aD. aFruit growingxMéxicoxSeminars, etc. aFruticulturaxMéxicoxCongresos  aComisión Nacional de Fruticultura (México)